« Retourner aux résultats de recherche
8 semaines pour apprendre à courir
technique d'entraînement, équipement, diététique, hydratation, équilibre de vie, check-list hebdomadaire
| Auteur principal: | Odile Baudrier |
|---|---|
| Support: | Livres |
| Langue: | Francais |
| Publié: |
2008 VO2 diffusion Millau (Aveyron) |
| Genre: |
Documentaire |
| Sujets: | |
| Étiquettes: |
Ajouter
Pas de Tags !
|
| LEADER | 00924nam0a2200205 450 | ||
|---|---|---|---|
| 001 | 16848385 | ||
| 010 | |a 978-2-917708-01-9 |b Br. |d 17 | ||
| 100 | |a 20080822d2008 u u0frey01 ba | ||
| 101 | 0 | |a fre | |
| 102 | |a FR | ||
| 200 | 0 | |a 8 semaines pour apprendre à courir |e technique d'entraînement, équipement, diététique, hydratation, équilibre de vie, check-list hebdomadaire |f Odile Baudrier | |
| 207 | 1 | |a | |
| 210 | |a Millau (Aveyron) |c VO2 diffusion |d 2008 | ||
| 215 | |a 167 p. |c illustrations en couleur |d 24 x 16 cm | ||
| 300 | |a Coup de coeur | ||
| 330 | |a Conseils pour faciliter les débuts en course à pied en informant sur l'équipement, la nutrition, l'hydratation... dans une optique de santé et de bien-être. | ||
| 700 | 0 | |a Baudrier |b Odile |4 70 | |
| 900 | |a Documentaire | ||
| 901 | |a Accessible au prêt | ||
| 995 | |a Bibliothèque |c Bibliothèque |f 00156007022080 |h 00156007022080 |k 796.42 BAU |o p |q a |r az |e Bibliothèque | ||
